<?xml version="1.0" encoding="UTF-8"?><?xml-stylesheet type="text/xsl" href="static/style.xsl"?><OAI-PMH xmlns="http://www.openarchives.org/OAI/2.0/" xmlns:xsi="http://www.w3.org/2001/XMLSchema-instance" xsi:schemaLocation="http://www.openarchives.org/OAI/2.0/ http://www.openarchives.org/OAI/2.0/OAI-PMH.xsd"><responseDate>2026-04-17T10:58:07Z</responseDate><request verb="GetRecord" identifier="oai:www.recercat.cat:2117/90559" metadataPrefix="marc">https://recercat.cat/oai/request</request><GetRecord><record><header><identifier>oai:recercat.cat:2117/90559</identifier><datestamp>2026-01-22T02:22:12Z</datestamp><setSpec>com_2072_1033</setSpec><setSpec>col_2072_452949</setSpec></header><metadata><record xmlns="http://www.loc.gov/MARC21/slim" xmlns:dcterms="http://purl.org/dc/terms/" xmlns:xsi="http://www.w3.org/2001/XMLSchema-instance" xmlns:doc="http://www.lyncode.com/xoai" xsi:schemaLocation="http://www.loc.gov/MARC21/slim http://www.loc.gov/standards/marcxml/schema/MARC21slim.xsd">
   <leader>00925njm 22002777a 4500</leader>
   <datafield ind2=" " ind1=" " tag="042">
      <subfield code="a">dc</subfield>
   </datafield>
   <datafield ind2=" " ind1=" " tag="720">
      <subfield code="a">Schneider-Skalska, Grażyna</subfield>
      <subfield code="e">author</subfield>
   </datafield>
   <datafield ind2=" " ind1=" " tag="720">
      <subfield code="a">Tor, Paweł</subfield>
      <subfield code="e">author</subfield>
   </datafield>
   <datafield ind2=" " ind1=" " tag="260">
      <subfield code="c">2016-07</subfield>
   </datafield>
   <datafield ind2=" " ind1=" " tag="520">
      <subfield code="a">Once they adopted the sedentary lifestyle, humans set to building settlements which were to protect groups of families and give them the sense of belonging to a material and social community. The settlement unit which could be called a housing complex goes back thousands of years BC. The scale of problems related to housing environment grew considerably with the emergence and development of cities, yet truly distinctive quantitative and qualitative changes occurred in the early 20th century.&#xd;
Implementation of the programmatic assumptions of the Athens Charter resulted in the emergence of spatial and functional structures based on hierarchic dependence of components. The initial projects reflected the pursuit of a human-scale environment and the structural division into neighbourhood units. Undoubtedly, the second part of the 20th century brought about a change in the trends of development in cities. Large housing estates were abandoned in favour of a much greater diversity of housing complex forms – the revived form of city street, urban block or the classic form of a residential complex with clearly delineated structure, services and – most frequently –some recreational areas. The 21st century draws from well-known patterns, complementing them with new elements and solutions imposed by the requirements of the principles of sustainable development. Due to the limited availability of land in highly urbanized central city parts, contemporary housing development occupies more peripheral areas, often at the border between urban and rural neighbourhoods. The development process involves numerous participants, often with opposing interests – public authorities, whose concern should be sustainable growth of the whole city, and developer firms and investors, whose motivation is to maximize profit. This situation has led in most Polish cities to the emergence of disconnected fenced-away residential ghettos with no spatial order.&#xd;
Meanwhile, housing development in Western Europe continues to be built as planned urban complexes drawing from the experience of the past and satisfying the needs of the contemporary city dwellers.&#xd;
The article presents several urban complexes with dominant housing development (Orestad in Copenhagen, Monte Laa and Nordbahnhof-Area in Vienna, Ijburg in Amsterdam and Riem in Munich) built relatively recently.It discusses their functional, spatial and social characteristics, which make them examples of good practice in contemporary urban planning. They demonstrate clearly that only comprehensive planning in a broader scale guarantees creation of high-quality urban spaces, where the welfare of resident communities is a priority.</subfield>
   </datafield>
   <datafield tag="653" ind2=" " ind1=" ">
      <subfield code="a">Àrees temàtiques de la UPC::Arquitectura::Tipologies d'edificis::Habitatges</subfield>
   </datafield>
   <datafield tag="653" ind2=" " ind1=" ">
      <subfield code="a">Àrees temàtiques de la UPC::Urbanisme</subfield>
   </datafield>
   <datafield tag="653" ind2=" " ind1=" ">
      <subfield code="a">Dwellings -- Europe</subfield>
   </datafield>
   <datafield tag="653" ind2=" " ind1=" ">
      <subfield code="a">Homesites -- Europe</subfield>
   </datafield>
   <datafield tag="653" ind2=" " ind1=" ">
      <subfield code="a">Housing settlements</subfield>
   </datafield>
   <datafield tag="653" ind2=" " ind1=" ">
      <subfield code="a">City structure</subfield>
   </datafield>
   <datafield tag="653" ind2=" " ind1=" ">
      <subfield code="a">Public spaces</subfield>
   </datafield>
   <datafield tag="653" ind2=" " ind1=" ">
      <subfield code="a">Habitatges -- Europa</subfield>
   </datafield>
   <datafield tag="653" ind2=" " ind1=" ">
      <subfield code="a">Zones residencials -- Europa</subfield>
   </datafield>
   <datafield ind2="0" ind1="0" tag="245">
      <subfield code="a">Residential areas in the structure of the city: case studies from west europe and Krakow</subfield>
   </datafield>
</record></metadata></record></GetRecord></OAI-PMH>